Analisis de las diferentes areas que acreditan el abandono escolar (Record no. 198742)
[ view plain ]
| 000 -CABECERA | |
|---|---|
| campo de control de longitud fija | 01755nab a2200277 a 4500 |
| 005 - FECHA Y HORA DE LA ÚLTIMA TRANSACCIÓN | |
| campo de control | 20260108064019.0 |
| 008 - ELEMENTOS DE LONGITUD FIJA--INFORMACIÓN GENERAL | |
| campo de control de longitud fija | 991125c2015 sp ar p o 000 0 spa d |
| 035 ## - NÚMERO DE CONTROL DEL SISTEMA | |
| Número de control de sistema | UPN01000226646 |
| 040 ## - FUENTE DE LA CATALOGACIÓN | |
| Centro catalogador/agencia de origen | UPN |
| Lengua de catalogación | spa |
| Centro/agencia transcriptor | UPN |
| Normas de descripción | aacr2 |
| 049 ## - COLECCIÓN | |
| Colección | ART-E |
| 100 1# - ASIENTO PRINCIPAL--NOMBRE PERSONAL | |
| Nombre de persona | Vega Olivares, Sara Estrella |
| 245 10 - MENCIÓN DE TÍTULO | |
| Título | Analisis de las diferentes areas que acreditan el abandono escolar |
| Medio | [recurso electrónico en línea] |
| 506 0# - NOTA DE RESTRICCIONES AL ACCESO | |
| Limitaciones de acceso | Acceso abierto |
| 520 3# - NOTA DE RESUMEN, ETC. | |
| Sumario, etc. | Hablar de educación en España implica referirnos a la “calidad educativa” y a los altos índices de fracaso y abandono escolar en alumnos a edades tempranas, siendo éstas de entre 13 y 16 años, tal y como nos lo reflejan Fernández, Mena y Riviere (2010). Por esta razón nuestro proyecto estudia y aborda las diferentes Áreas que acreditan el abandono escolar, a través de un Cuestionario “ad hoc” administrado a una muestra estudiantil de 256 alumnos. Destacándose que en el Área familiar, aparecen diferencias significativas entre el total de chicos y de chicas encuestado/as, a favor de las chicas. También existen diferencias significativas entre las chicas del Centro cercano a la capital y los chicos del Centro lejano de la capital relacionado con el Área familiar. |
| 650 #4 - ASIENTO SECUNDARIO DE MATERIA - TERMINO TEMATICO | |
| 9 (RLIN) | 6083 |
| Término de materia o nombre geográfico como elemento de entrada | Deserción escolar |
| 650 #4 - ASIENTO SECUNDARIO DE MATERIA - TERMINO TEMATICO | |
| 9 (RLIN) | 4966 |
| Término de materia o nombre geográfico como elemento de entrada | Fracaso escolar |
| 650 #0 - ASIENTO SECUNDARIO DE MATERIA - TERMINO TEMATICO | |
| 9 (RLIN) | 1014 |
| Término de materia o nombre geográfico como elemento de entrada | Adolescentes |
| 650 #4 - ASIENTO SECUNDARIO DE MATERIA - TERMINO TEMATICO | |
| Término de materia o nombre geográfico como elemento de entrada | Evaluación |
| 9 (RLIN) | 14106 |
| 653 0# - TERMINO DE INDIZACION - NO CONTROLADO | |
| Término no controlado | Bajo rendimiento académico |
| 653 0# - TERMINO DE INDIZACION - NO CONTROLADO | |
| Término no controlado | Calidad educativa |
| 773 ## - ENLACE AL DOCUMENTO FUENTE/ENTRADA DE REGISTRO ANFITRIÓN | |
| Parte(s) relacionada(s) | No. 8 (2015), p. 67-79 |
| Título | Intervención psicoeducativa en la desadaptación social |
| Número Internacional Normalizado para Publicaciones Seriadas | 2013-2352 |
| 856 4# - LOCALIZACIÓN Y ACCESO ELECTRÓNICOS | |
| Identificador Uniforme del Recurso | <a href="http://www.webs.ulpgc.es/ipseds/IPSE-ds-Vol-8_2015/IPSE-ds%208.pdf">http://www.webs.ulpgc.es/ipseds/IPSE-ds-Vol-8_2015/IPSE-ds%208.pdf</a> |
| 856 4# - LOCALIZACIÓN Y ACCESO ELECTRÓNICOS | |
| Identificador Uniforme del Recurso | <a href="https://dialnet.unirioja.es/ejemplar/483701">https://dialnet.unirioja.es/ejemplar/483701</a> |
| 905 ## - TIPO DE MATERIAL | |
| Tipo de material | Articulo |
| 942 ## - ELEMENTOS DE PUNTO DE ACCESO ADICIONAL (KOHA) | |
| Tipo de ítem Koha | Artículo Electrónico |
| Estado de retiro | Estado de pérdida | Estado dañado | No para préstamo | Código de colección | Localización permanente | Ubicación/localización actual | Ubicación en estantería | Fecha de adquisición | Total de préstamos | Fecha visto por última vez | Identificador Uniforme del Recurso | Precio válido a partir de | Tipo de ítem Koha |
|---|---|---|---|---|---|---|---|---|---|---|---|---|---|
| Acceso abierto | Bib. Gregorio Torres Quintero | Bib. Gregorio Torres Quintero | En línea | 24/10/2023 | 24/10/2023 | https://ipseds.ulpgc.es//IPSE-ds-Vol-8_2015/IPSE-ds%208.pdf | 24/10/2023 | Artículo Electrónico |
